| 000 | 01040nam a2200229Ia 4500 | ||
|---|---|---|---|
| 003 | Ost | ||
| 005 | 20260507075439.0 | ||
| 008 | 260507s9999||||xx |||||||||||||| ||und|| | ||
| 040 | _cfsecg | ||
| 041 | _aara | ||
| 082 | _a658.151 | ||
| 100 |
_aالخطيب، خالد راغب _eمؤلف |
||
| 245 | 0 |
_aمفاهيم حديثة في الرقابة المالية والداخليةفي القطاع العام والخاص / _c خالد راغب الخطيب |
|
| 260 |
_aعمان: _bمكتبة المجتمع العربي, _c2009 |
||
| 300 |
_a254 صفحة؛ _bإيضاحات ؛ _c25 سم |
||
| 504 | _aببليوغرافيا: ص.253-254 | ||
| 520 | _aماهية الرقابة الداخلية، صلاحيات التدقيق، نظام الرقابة على المال العام، الرقابة المالية في النظام الاسلامي، الاستثمار في التطوير | ||
| 653 | _aالرقابة المالية | ||
| 653 | _aالقطاع الخاص | ||
| 653 | _aالقطاع العام | ||
| 942 | _cكتاب | ||
| 999 |
_c44554 _d44554 |
||